All Subaru Models Ever - Statistics

General Stats
  • This quiz has been taken 94 times
  • The average score is 13 of 40
Answer Stats
Year Introduced Answer % Correct
1992 Impreza
94%
1997 Forester
89%
1992 WRX
89%
1994 Outback
85%
1989 Legacy
78%
2012 BRZ
60%
2012 Crosstrek
53%
2019 Ascent/Evoltis
46%
2005-2014 Tribeca
46%
2022 Solterra
44%
1984 Justy
42%
2003-2006 Baja
39%
1978-1994 BRAT/Brumby/MV
36%
2014 Levorg
36%
1971-1994 Leone
29%
1958-1971 360/460
26%
1991-1996 Alcyone/SVX
26%
1985-1991 XT/Alcyone XT/Vortex
26%
1972-1992 Rex
21%
1992-1998 Vivio
21%
2011 Pleo
18%
2005-2010 R1
18%
1969-1972 R-2
18%
2003-2010 R2
18%
1966-1969 1000
17%
2008-2018 Exiga
17%
2006 Stella
17%
2010-2016 Trezia
15%
2013 Chiffon
14%
2010-2015 Lucra
14%
1983-1998 Sumo/Libera/Domingo/Columbuss/E series/Estratto
14%
1999-2005 Traviq
14%
1954 1500
13%
2006-2012 Dex
13%
1994-2012 Outback Sport/Gravel Express/RV
13%
1971-1972 FF-1 G
10%
1969-1973 FF-1 Star
8%
1999 Sambar Dias
8%
1961 Sambar Truck
8%
1961 Sambar Van
8%
No matching quizzes found
Score Distribution
Percent of People with Each Score
Percentile by Number Answered
Your Score History
You have not taken this quiz